Normal view
MARC view
- SECURITY IN NEW MILLENNIUM INDIAN NATIONAL SECURITY INDIAN FOREIGN RELATIONS INDIA'S DRAFT NUCLEAR DOCTRINE CTBT DEBATE,INDIAN POINT OF VIEW INDIA PAKISTAN RELATIONS IN FUTURE ISI OPERATIONS IN INDIA MISSILE RACE IN SUBCONTINENT FORCE MULTIPLIER TECHNOLOGIES FUTURE BATTLEFIELD SCENARIO FORCE STRUCTURE-CHINA FORCE STRUCTURE-INDIA FORCE STRUCTURE-PAKISTAN INDIAN DEFENCE BUDGET 1999-2000 DRDO'S RECENT AND CURRENT PROJECTS INDIAN ARMY INDIAN NAVY INDIAN AIRFORCE INDIAN DEFENCE COOPERATION WITH FOREIGN PARTNERS DEFEXPO INDIA 1999 INDIA DEFEXPO 1999 ISRAEL AT DEFEXPO INDIA 1999 INDIAN ARMED FORCES DEFENCE ORGANISATION INDIAN WEAPON SYSTEMS INDIAN ARMED FORCES EQUIPMENT INDIAN DEFENCE RESEARCH AND DEVELOPMENT
Entry Topical Term
001 - CONTROL NUMBER
- control field: 56606
003 - CONTROL NUMBER IDENTIFIER
- control field: NUST
005 - DATE AND TIME OF LATEST TRANSACTION
- control field: 20210628201734.0
008 - FIXED-LENGTH DATA ELEMENTS
- fixed length control field: 210628|| aca||aabn | a|a d
040 ## - CATALOGING SOURCE
- Original cataloging agency: NUST
- Transcribing agency: NUST
150 ## - HEADING--TOPICAL TERM
- Topical term or geographic name entry element: SECURITY IN NEW MILLENNIUM INDIAN NATIONAL SECURITY INDIAN FOREIGN RELATIONS INDIA'S DRAFT NUCLEAR DOCTRINE CTBT DEBATE,INDIAN POINT OF VIEW INDIA PAKISTAN RELATIONS IN FUTURE ISI OPERATIONS IN INDIA MISSILE RACE IN SUBCONTINENT FORCE MULTIPLIER TECHNOLOGIES FUTURE BATTLEFIELD SCENARIO FORCE STRUCTURE-CHINA FORCE STRUCTURE-INDIA FORCE STRUCTURE-PAKISTAN INDIAN DEFENCE BUDGET 1999-2000 DRDO'S RECENT AND CURRENT PROJECTS INDIAN ARMY INDIAN NAVY INDIAN AIRFORCE INDIAN DEFENCE COOPERATION WITH FOREIGN PARTNERS DEFEXPO INDIA 1999 INDIA DEFEXPO 1999 ISRAEL AT DEFEXPO INDIA 1999 INDIAN ARMED FORCES DEFENCE ORGANISATION INDIAN WEAPON SYSTEMS INDIAN ARMED FORCES EQUIPMENT INDIAN DEFENCE RESEARCH AND DEVELOPMENT
670 ## - SOURCE DATA FOUND
- Source citation: Work cat.: (NUST): Singh , R . K .Jasbir .Lt.Gen 56605, Indian defence yearbook 2000, 2000
